[Event "4NCL 2014-15"]
[Site "Hinckley Island ENG"]
[Date "2015.01.11"]
[Round "4.124"]
[White "Gourlay, Iain"]
[Black "Cox, John J"]
[Result "1/2-1/2"]
[WhiteTitle "FM"]
[BlackTitle "IM"]
[WhiteElo "2378"]
[BlackElo "2361"]
[WhiteTeam "White Rose 1"]
[BlackTeam "Barbican 4NCL 1"]
[WhiteFideId "2401533"]
[BlackFideId "401064"]
[EventDate "2014.11.15"]

1. Nf3 c5 2. g3 Nc6 3. c4 g6 4. Nc3 Bg7 5. Bg2 d6 6. O-O Qd7 7. e3 Bxc3 8. dxc3
Nf6 9. Re1 Ne5 10. b3 Qc7 11. h3 Nxf3+ 12. Qxf3 Nd7 13. e4 f6 14. Qe2 Ne5 15. f4
Nf7 16. Be3 Bd7 17. e5 fxe5 18. fxe5 Nxe5 19. Bf4 Rc8 20. Bxe5 dxe5 21. Qxe5
Qxe5 22. Rxe5 Rc7 23. Rae1 Bc8 24. b4 b6 25. bxc5 bxc5 26. Rb1 Kf7 27. Rb5 Rd8
28. Rbxc5 Rxc5 29. Rxc5 Rd1+ 30. Kf2 Rd2+ 31. Kf1 Be6 32. Bd5 Rxa2 33. Rc6 Bxd5
34. cxd5 a5 35. c4 a4 36. Ra6 a3 37. c5 Rd2 38. Rxa3 Rxd5 39. Rc3 Ke8 40. Rc4
Kd7 41. Kg2 Rf5 42. Rd4+ Ke8 43. Rc4 Kd7 44. Rd4+ Ke8 45. Rc4 Rf7 46. Rd4 Rf6
47. Rd5 Kf7 48. Re5 Re6 49. Rd5 Re3 50. Rd8 Rc3 51. Rc8 Ke6 52. c6 Kd6 53. Rh8
Rxc6 54. Rxh7 e5 55. Kf3 Kd5 56. Rd7+ Ke6 57. Rd3 Ra6 1/2-1/2

[Event "4NCL 2014-15"]
[Site "Hinckley Island ENG"]
[Date "2015.01.11"]
[Round "4.125"]
[White "Ferguson, Mark"]
[Black "Palliser, Richard J D"]
[Result "1/2-1/2"]
[WhiteTitle "IM"]
[BlackTitle "IM"]
[WhiteElo "2415"]
[BlackElo "2444"]
[WhiteTeam "Barbican 4NCL 1"]
[BlackTeam "White Rose 1"]
[WhiteFideId "403547"]
[BlackFideId "407372"]
[EventDate "2014.11.15"]

1. e4 c5 2. Nf3 d6 3. Bb5+ Bd7 4. Bxd7+ Qxd7 5. O-O Nf6 6. Qe2 Nc6 7. Rd1 g5 8.
c3 g4 9. Nh4 Qe6 10. d3 c4 1/2-1/2

[Event "4NCL 2014-15"]
[Site "Hinckley Island ENG"]
[Date "2015.01.11"]
[Round "4.126"]
[White "Buckley, Simon T"]
[Black "Morrison, Graham SCO"]
[Result "1/2-1/2"]
[BlackTitle "FM"]
[WhiteElo "2345"]
[BlackElo "2364"]
[WhiteTeam "White Rose 1"]
[BlackTeam "Barbican 4NCL 2"]
[WhiteFideId "407410"]
[BlackFideId "2400090"]
[EventDate "2014.11.15"]

1. d4 Nf6 2. Bg5 e6 3. e4 h6 4. Bxf6 Qxf6 5. c3 d5 6. e5 Qd8 7. f4 c5 8. Nf3 Nc6
9. Be2 Bd7 10. O-O Qb6 11. Qd2 Be7 12. Na3 cxd4 13. cxd4 O-O 14. Nc2 Rfc8 15.
Ne3 Bb4 16. Qd3 Bf8 17. Qd2 Qb4 18. Rfd1 Qxd2 19. Rxd2 Na5 20. Rc2 Rxc2 21. Nxc2
Rc8 22. Nce1 Nc4 23. Rb1 a5 24. Kf2 a4 25. Bd3 b5 26. Ke2 b4 27. b3 Na3 28. Ra1
axb3 29. axb3 Rc3 30. Nd2 Bb5 31. Bxb5 Nxb5 32. Nef3 Na3 33. Ne1 g5 34. fxg5
hxg5 35. g4 Kg7 36. Nef3 Kg6 37. Kd1 Be7 38. Rc1 Nb5 1/2-1/2

[Event "4NCL 2014-15"]
[Site "Hinckley Island ENG"]
[Date "2015.01.11"]
[Round "4.127"]
[White "Sanders, Isaac B"]
[Black "Townsend, M Paul"]
[Result "1/2-1/2"]
[WhiteTitle "FM"]
[WhiteElo "2305"]
[BlackElo "2249"]
[WhiteTeam "Barbican 4NCL 1"]
[BlackTeam "White Rose 1"]
[WhiteFideId "417661"]
[BlackFideId "402320"]
[EventDate "2014.11.15"]

1. Nf3 Nf6 2. c4 e6 3. b3 d5 4. Bb2 Be7 5. e3 O-O 6. Be2 c5 7. O-O Nc6 8. d4
cxd4 9. Nxd4 Nxd4 10. Bxd4 dxc4 11. Bxc4 Bd7 12. Nd2 Qa5 13. Qe2 e5 14. Bb2 e4
15. Bxf6 1/2-1/2

[Event "4NCL 2014-15"]
[Site "Hinckley Island ENG"]
[Date "2015.01.11"]
[Round "4.128"]
[White "Maroroa, Sue"]
[Black "Bhatia, Kanwal K"]
[Result "0-1"]
[WhiteTitle "WIM"]
[BlackTitle "WFM"]
[WhiteElo "2096"]
[BlackElo "2028"]
[WhiteTeam "White Rose 1"]
[BlackTeam "Barbican 4NCL 1"]
[WhiteFideId "4301498"]
[BlackFideId "407496"]
[EventDate "2014.11.15"]

1. e4 e5 2. Nf3 Nc6 3. Bc4 Bc5 4. O-O Nf6 5. d4 Bxd4 6. Nxd4 Nxd4 7. f4 d6 8.
fxe5 dxe5 9. Bg5 Qe7 10. Bxf6 gxf6 11. c3 Ne6 12. Na3 Nf4 13. Kh1 Rg8 14. g3 Nh3
15. Bb5+ c6 16. Be2 Bd7 17. Qa4 Qc5 18. b4 Qxc3 19. Nc4 Qd4 20. Qc2 Ng5 21. Rad1
Qxe4+ 22. Qxe4 Nxe4 23. Bd3 Nc3 24. Rd2 Nd5 25. Bxh7 Rh8 26. Be4 Ke7 27. Na5
Rag8 28. Nxb7 Rxg3 29. Nc5 Rgh3 30. Nxd7 Kxd7 31. b5 Kc7 32. bxc6 Nc3 33. Bf5
Re3 34. Bd7 e4 35. Rb2 Nd5 36. Rd1 Nb6 37. a4 Rd8 38. a5 Nxd7 39. Rb7+ Kxc6 40.
Rxa7 Rd3 41. Rc1+ Kd6 42. a6 Rd2 43. Rb7 e3 44. Re1 Re8 45. a7 e2 46. Kg1 Kc6
47. Rb3 Ra2 48. Rc1+ Nc5 49. Rbb1 Rxa7 50. Kf2 Ra2 51. Ke1 f5 52. Rb4 Rg8 0-1

[Event "4NCL 2014-15"]
[Site "Hinckley Island ENG"]
[Date "2015.01.11"]
[Round "4.131"]
[White "Weaving, Richard"]
[Black "Hunt, Adam C"]
[Result "1/2-1/2"]
[BlackTitle "IM"]
[WhiteElo "2247"]
[BlackElo "2437"]
[WhiteTeam "Warwickshire Select 1"]
[BlackTeam "Blackthorne Russia"]
[WhiteFideId "401161"]
[BlackFideId "403970"]
[EventDate "2014.11.15"]

1. e4 c5 2. Nc3 a6 3. Nf3 e6 4. d4 cxd4 5. Nxd4 Qc7 6. Bd3 Nf6 7. f4 Bc5 8. Nb3
Bb4 9. Bd2 Bxc3 10. Bxc3 Qxf4 11. Qe2 Nc6 12. g3 Qg5 13. Nd2 d5 14. Nf3 Qh5 15.
g4 Nxg4 16. exd5 Qxd5 17. Rg1 Qh5 18. Bxg7 Rg8 19. Bc3 Bd7 20. O-O-O O-O-O 21.
Kb1 e5 22. Bxa6 e4 23. Nd4 Qc5 24. Nxc6 Qxc6 25. Bc4 Ne3 26. Qxe3 Qxc4 27. Ba5
Rde8 28. Qa7 Qa6 29. Qc5+ Qc6 30. Qa7 Qa6 31. Qc5+ Qc6 32. Qa7 1/2-1/2

[Event "4NCL 2014-15"]
[Site "Hinckley Island ENG"]
[Date "2015.01.11"]
[Round "4.132"]
[White "Gormally, Daniel W"]
[Black "Lawton, Geoff W"]
[Result "1-0"]
[WhiteTitle "GM"]
[BlackTitle "IM"]
[WhiteElo "2497"]
[BlackElo "2389"]
[WhiteTeam "Blackthorne Russia"]
[BlackTeam "Warwickshire Select 1"]
[WhiteFideId "406465"]
[BlackFideId "400483"]
[EventDate "2014.11.15"]

1. d4 Nf6 2. Nf3 g6 3. c4 Bg7 4. Nc3 O-O 5. e4 d6 6. Be2 e5 7. O-O Nc6 8. d5 Ne7
9. Ne1 Nd7 10. Nd3 f5 11. f3 Nf6 12. Bd2 f4 13. Rc1 g5 14. b4 Ng6 15. c5 Rf7 16.
a4 Bf8 17. a5 h5 18. cxd6 Bxd6 19. Nc5 Nf8 20. a6 bxa6 21. N3a4 g4 22. Bxa6 Bxa6
23. Nxa6 h4 24. N6c5 Rg7 25. fxg4 Nxg4 26. h3 Nf6 27. Be1 Rh7 28. Qe2 Qe8 29.
Nb2 Qg6 30. Nbd3 Kh8 31. Bc3 Re8 32. Qb2 1-0

[Event "4NCL 2014-15"]
[Site "Hinckley Island ENG"]
[Date "2015.01.11"]
[Round "4.133"]
[White "Thomas, Nicholas"]
[Black "Bates, Richard A"]
[Result "1/2-1/2"]
[WhiteTitle "FM"]
[BlackTitle "IM"]
[WhiteElo "2268"]
[BlackElo "2349"]
[WhiteTeam "Warwickshire Select 1"]
[BlackTeam "Blackthorne Russia"]
[WhiteFideId "402117"]
[BlackFideId "403555"]
[EventDate "2014.11.15"]

1. e4 c5 2. Nc3 Nc6 3. g3 g6 4. Bg2 Bg7 5. d3 d6 6. Nge2 Nf6 7. O-O O-O 8. h3 e5
9. Bg5 h6 10. Be3 Nd4 11. f4 Re8 12. fxe5 dxe5 13. Qd2 Kh7 14. Rf2 Be6 15. Raf1
b5 16. g4 b4 17. Nd5 Nxd5 18. exd5 Bxd5 19. Bxd5 Qxd5 20. Rxf7 Kg8 21. Nxd4 cxd4
22. Bxh6 Qxf7 23. Rxf7 Kxf7 24. Bxg7 Kxg7 25. Qxb4 Rab8 26. Qa3 Rb7 27. b3 1/2-1/2

[Event "4NCL 2014-15"]
[Site "Hinckley Island ENG"]
[Date "2015.01.11"]
[Round "4.134"]
[White "Ansell, Simon T"]
[Black "Pitcher, John"]
[Result "1/2-1/2"]
[WhiteTitle "IM"]
[WhiteElo "2379"]
[BlackElo "2232"]
[WhiteTeam "Blackthorne Russia"]
[BlackTeam "Warwickshire Select 1"]
[WhiteFideId "402141"]
[BlackFideId "411485"]
[EventDate "2014.11.15"]

1. e4 c5 2. Nf3 e6 3. g3 Nc6 4. Bg2 Nf6 5. Qe2 Be7 6. O-O O-O 7. e5 Nd5 8. Nc3
d6 9. exd6 Qxd6 10. Re1 Ndb4 11. d3 Nd4 12. Nxd4 cxd4 13. Ne4 Qd8 14. a3 Nd5 15.
c4 dxc3 16. Nxc3 Bf6 17. Bd2 Nxc3 18. bxc3 e5 19. Be4 Rb8 20. Be3 b6 21. d4 Bb7
22. Bxb7 exd4 23. Bxd4 Rxb7 24. Qf3 1/2-1/2

[Event "4NCL 2014-15"]
[Site "Hinckley Island ENG"]
[Date "2015.01.11"]
[Round "4.135"]
[White "Mason, Donald J"]
[Black "Ledger, Andrew J"]
[Result "1/2-1/2"]
[BlackTitle "IM"]
[WhiteElo "2138"]
[BlackElo "2396"]
[WhiteTeam "Warwickshire Select 1"]
[BlackTeam "Blackthorne Russia"]
[WhiteFideId "405116"]
[BlackFideId "400610"]
[EventDate "2014.11.15"]

1. d4 Nf6 2. c4 c5 3. d5 e5 4. Nc3 d6 5. e4 Nbd7 6. Be2 Be7 7. h4 a6 8. a4 h5 9.
g3 Nf8 10. Nh3 Ng4 11. f3 Nh6 12. Be3 b6 1/2-1/2

[Event "4NCL 2014-15"]
[Site "Hinckley Island ENG"]
[Date "2015.01.11"]
[Round "4.136"]
[White "Nelson, Jonathan P"]
[Black "James, Ann-Marie"]
[Result "1-0"]
[BlackTitle "WFM"]
[WhiteElo "2231"]
[BlackElo "2068"]
[WhiteTeam "Blackthorne Russia"]
[BlackTeam "Warwickshire Select 1"]
[WhiteFideId "404195"]
[BlackFideId "403644"]
[EventDate "2014.11.15"]

1. d4 Nf6 2. Nf3 e6 3. e3 d5 4. Bd3 c5 5. b3 Nc6 6. O-O cxd4 7. exd4 Bd6 8. Re1
Bd7 9. Bb2 Rc8 10. c4 O-O 11. Nbd2 Qa5 12. a3 Ne7 13. Ne5 Bb8 14. Rc1 Ng6 15. g3
dxc4 16. bxc4 Ba4 17. Qe2 Bxe5 18. dxe5 Nd7 19. Nf3 Nc5 20. Bb1 Rfd8 21. h4 Rd7
22. h5 Nf8 23. h6 g6 24. Bc3 Qd8 25. Bb4 a5 26. Bxc5 Rxc5 27. Qe3 b6 28. Ng5 Bc6
29. Qf4 Qe7 30. Rcd1 b5 31. cxb5 Rxb5 32. Be4 Rxd1 33. Rxd1 Bd5 34. Rc1 Bxe4 35.
Nxe4 Qxa3 36. Nd6 1-0

[Event "4NCL 2014-15"]
[Site "Hinckley Island ENG"]
[Date "2015.01.11"]
[Round "4.137"]
[White "Lam, Paul G M"]
[Black "Ledger, Stephen C"]
[Result "1/2-1/2"]
[WhiteElo "2123"]
[BlackElo "2079"]
[WhiteTeam "Warwickshire Select 1"]
[BlackTeam "Blackthorne Russia"]
[WhiteFideId "411566"]
[BlackFideId "404470"]
[EventDate "2014.11.15"]

1. e4 d5 2. Nc3 dxe4 3. Nxe4 Nf6 4. Nxf6+ exf6 5. d4 Bd6 6. Bd3 Nc6 7. c3 Ne7 8.
Qc2 g6 9. Ne2 Bf5 10. Ng3 Bxd3 11. Qxd3 Qd7 12. Ne4 O-O-O 13. O-O f5 14. Nxd6+
Qxd6 15. Qf3 f6 16. b4 Rhe8 17. a4 Qd5 18. Qd3 Qe4 19. Qd2 Nc6 20. f3 Qe2 21.
Ra2 Qc4 22. b5 Na5 23. Ba3 Qd5 24. Qf2 Nc4 25. Bc1 Re6 26. Re2 Rde8 27. Rfe1 g5
28. Kf1 f4 29. Rxe6 Rxe6 30. Rxe6 Qxe6 31. Qe2 Kd7 32. Qd3 Nd6 33. Qxh7+ Kc8 34.
Qh8+ Kd7 35. Qh7+ Kc8 36. Qh8+ Kd7 37. Qh7+ 1/2-1/2

[Event "4NCL 2014-15"]
[Site "Hinckley Island ENG"]
[Date "2015.01.11"]
[Round "4.138"]
[White "Atkins, Rita"]
[Black "Stepanyan, Henrik"]
[Result "1/2-1/2"]
[WhiteTitle "WIM"]
[WhiteElo "2130"]
[BlackElo "2042"]
[WhiteTeam "Blackthorne Russia"]
[BlackTeam "Warwickshire Select 1"]
[WhiteFideId "408050"]
[BlackFideId "401030"]
[EventDate "2014.11.15"]

1. d4 d5 2. Bf4 Nf6 3. e3 c5 4. Nc3 a6 5. Nf3 Nc6 6. Ne5 c4 7. Be2 e6 8. O-O Bb4
9. Bf3 O-O 10. Ne2 Bd6 11. Nxc6 bxc6 12. b3 cxb3 13. axb3 c5 14. c4 Ra7 15. Bxd6
Qxd6 16. Nc3 Rc7 17. cxd5 exd5 18. dxc5 Rxc5 19. Qd4 Qc6 20. Na4 Rb5 21. Rfc1
Qb7 22. Nc5 Qb6 23. Ra4 a5 24. h3 Rd8 1/2-1/2

[Event "4NCL 2014-15"]
[Site "Hinckley Island ENG"]
[Date "2015.01.11"]
[Round "4.141"]
[White "Richardson, John R"]
[Black "Cobb, James"]
[Result "0-1"]
[WhiteTitle "FM"]
[BlackTitle "IM"]
[WhiteElo "2334"]
[BlackElo "2423"]
[WhiteTeam "The AD's"]
[BlackTeam "South Wales Dragons"]
[WhiteFideId "401617"]
[BlackFideId "1800949"]
[EventDate "2014.11.15"]

1. d4 Nf6 2. c4 e6 3. Nc3 Bb4 4. e3 O-O 5. Bd3 d5 6. Nf3 b6 7. a3 Bxc3+ 8. bxc3
Ba6 9. cxd5 Bxd3 10. Qxd3 Qxd5 11. c4 Qe4 12. Qxe4 Nxe4 13. Ne5 Nd6 14. c5 bxc5
15. dxc5 Ne4 16. a4 Rd8 17. Ba3 f6 18. f3 fxe5 19. fxe4 Nc6 20. Ke2 Rab8 21.
Rhd1 Kf7 22. Rxd8 Nxd8 23. Rf1+ Ke8 24. c6 Nf7 25. Rd1 Rb3 26. Rd3 Rxd3 27. Kxd3
Nd8 28. Kc4 Nxc6 29. Bb2 a6 30. Kc5 Kd7 31. Bc3 h5 32. h4 g6 33. g3 Nd8 34. Bxe5
Nb7+ 35. Kc4 Na5+ 36. Kc5 Nb7+ 37. Kc4 Kc6 38. Bc3 Nc5 39. a5 Nxe4 40. Be5 Nd6+ 0-1

[Event "4NCL 2014-15"]
[Site "Hinckley Island ENG"]
[Date "2015.01.11"]
[Round "4.142"]
[White "Cooper, John G"]
[Black "Merry, Alan B"]
[Result "0-1"]
[WhiteTitle "IM"]
[BlackTitle "FM"]
[WhiteElo "2339"]
[BlackElo "2349"]
[WhiteTeam "South Wales Dragons"]
[BlackTeam "The AD's"]
[WhiteFideId "1800027"]
[BlackFideId "418811"]
[EventDate "2014.11.15"]

1. Nf3 g6 2. e4 Bg7 3. d4 d6 4. Be2 e6 5. c4 Ne7 6. Nc3 Nd7 7. h4 h6 8. Be3 b6
9. Qc2 Bb7 10. O-O-O a6 11. g4 c5 12. dxc5 dxc5 13. e5 Qc7 14. Ne4 Nxe5 15. Nd6+
Kf8 16. Nxb7 Qxb7 17. Nxe5 Bxe5 18. f4 Bd4 19. Bxd4 cxd4 20. h5 g5 21. fxg5 hxg5
22. Rhf1 Rd8 23. Bd3 Ke8 24. Qf2 Nc8 25. Qf6 Rf8 26. Qxg5 Qe7 27. Rf6 Kd7 28.
Qe5 Qc5 29. Qf4 Nd6 30. Kb1 e5 31. Qf3 Rde8 32. Be4 Ke7 33. g5 Rc8 34. Bd5 b5
35. Re1 Kd8 36. Rxd6+ Qxd6 37. cxb5 axb5 38. Bxf7 d3 39. g6 d2 40. Rd1 Ke7 41.
Qf5 Rfd8 42. Bc4 Qf6 43. Bd3 Qxf5 44. Bxf5 Rc4 45. g7 Rh4 46. Kc2 Kf7 47. Rxd2
Rxd2+ 48. Kxd2 Kxg7 49. Bd3 b4 50. Be2 Kf6 51. a3 bxa3 52. bxa3 Ra4 53. Ke3
Rxa3+ 54. Bd3 Kg5 55. Ke4 Kxh5 0-1

[Event "4NCL 2014-15"]
[Site "Hinckley Island ENG"]
[Date "2015.01.11"]
[Round "4.143"]
[White "Wheeler, Darren P"]
[Black "Dineley, Richard"]
[Result "0-1"]
[WhiteElo "2268"]
[BlackElo "2253"]
[WhiteTeam "The AD's"]
[BlackTeam "South Wales Dragons"]
[WhiteFideId "410136"]
[BlackFideId "1800680"]
[EventDate "2014.11.15"]

1. e4 c5 2. f4 d5 3. Nc3 dxe4 4. Nxe4 Nf6 5. Bb5+ Bd7 6. Bxd7+ Qxd7 7. d3 e6 8.
Nf3 Nc6 9. Bd2 Be7 10. O-O O-O 11. Bc3 Nd5 12. Ne5 Qc7 13. Qh5 Nxc3 14. Nxc3
Rad8 15. Rae1 Bf6 16. Ne4 Be7 17. Re3 Nxe5 18. fxe5 Rd5 19. Nc3 Rd7 20. Rh3 h6
21. Rg3 Bg5 22. Qe2 a6 23. Rg4 Rd4 24. Re4 Rfd8 25. Qf3 Rxe4 26. Nxe4 Rd5 27.
Nd6 Rxe5 28. Qxf7+ Qxf7 29. Nxf7 Be3+ 30. Kh1 Rd5 31. Rf3 Bc1 32. c4 Rd4 33. Ne5
Bxb2 34. Ng6 b5 35. cxb5 axb5 36. Nf4 c4 37. Nxe6 Rxd3 38. Rf1 c3 39. Nc5 Rd5
40. Nb3 c2 0-1

[Event "4NCL 2014-15"]
[Site "Hinckley Island ENG"]
[Date "2015.01.11"]
[Round "4.144"]
[White "Redmond, John P."]
[Black "Snape, Ian L"]
[Result "1-0"]
[WhiteElo "2249"]
[BlackElo "2161"]
[WhiteTeam "South Wales Dragons"]
[BlackTeam "The AD's"]
[WhiteFideId "2500051"]
[BlackFideId "404489"]
[EventDate "2014.11.15"]

1. Nf3 Nf6 2. c4 g6 3. Nc3 Bg7 4. e4 d6 5. d4 O-O 6. Be2 e5 7. O-O Nc6 8. dxe5
dxe5 9. Bg5 Qxd1 10. Rfxd1 Bg4 11. Kf1 Bxf3 12. Bxf3 Nd4 13. Nd5 Nxd5 14. cxd5
h6 15. Be3 Nxf3 16. gxf3 f5 17. Rac1 f4 18. Bd2 Rf7 19. Ba5 b6 20. Bb4 Rd8 21.
Rc6 g5 22. Rdc1 Rdd7 23. a4 a5 24. Ba3 Kh7 25. b3 Kg8 26. Re6 Kh7 27. Rcc6 Kg8
28. Ke2 Kh7 29. Re8 h5 30. Bb2 Rde7 31. Re6 Rxe8 32. Rxe8 g4 33. Bxe5 Bxe5 34.
Rxe5 Kh6 35. Re8 Kg7 36. Re6 Kh7 37. Rc6 Rg7 38. fxg4 hxg4 39. Rf6 g3 40. hxg3
fxg3 41. fxg3 Rxg3 42. Rf3 Rg2+ 43. Kd3 Kg6 44. Kd4 Rd2+ 45. Ke5 Rc2 46. Ke6 Kg7
47. e5 Rc1 48. Ke7 Kg6 49. Rf6+ Kg5 50. Rf3 Re1 51. Ke6 Rc1 52. d6 cxd6 53. exd6
Re1+ 54. Kd5 Kg4 55. Rd3 1-0

[Event "4NCL 2014-15"]
[Site "Hinckley Island ENG"]
[Date "2015.01.11"]
[Round "4.145"]
[White "Swindells, Jonathan E"]
[Black "Zeidler, Sven P."]
[Result "1/2-1/2"]
[BlackTitle "FM"]
[WhiteElo "2137"]
[BlackElo "2225"]
[WhiteTeam "The AD's"]
[BlackTeam "South Wales Dragons"]
[WhiteFideId "421863"]
[BlackFideId "1800604"]
[EventDate "2014.11.15"]

1. e4 d5 2. Nc3 dxe4 3. Nxe4 Qd5 4. Qf3 Nc6 5. Nc3 Qe5+ 6. Qe2 Bf5 7. Qxe5 Nxe5
8. Nb5 O-O-O 9. Nxa7+ Kb8 10. Nb5 Bxc2 11. d4 Ng6 12. Nf3 e5 13. Bd2 exd4 14.
Nbxd4 Re8+ 15. Be2 Bd3 16. Kf1 Bxe2+ 17. Nxe2 Bc5 18. Rc1 Bb6 19. Bc3 f6 20. Bd4
Bxd4 21. Nexd4 Nh6 22. g3 Ne5 23. Kg2 Nhg4 24. Nxe5 fxe5 25. Nb5 Rhf8 26. Rhf1
c6 27. Nd6 Rd8 28. Ne4 Nf6 29. Nxf6 1/2-1/2

[Event "4NCL 2014-15"]
[Site "Hinckley Island ENG"]
[Date "2015.01.11"]
[Round "4.146"]
[White "James, David J"]
[Black "Anderton, David W"]
[Result "1-0"]
[WhiteTitle "FM"]
[BlackTitle "CM"]
[WhiteElo "2149"]
[BlackElo "2172"]
[WhiteTeam "South Wales Dragons"]
[BlackTeam "The AD's"]
[WhiteFideId "1800272"]
[BlackFideId "401668"]
[EventDate "2014.11.15"]

1. d4 f5 2. Nf3 Nf6 3. g3 g6 4. Bg2 Bg7 5. O-O O-O 6. c4 d6 7. b3 c6 8. Bb2 Na6
9. Nbd2 Bd7 10. Qc2 Rb8 11. Ne1 Qe8 12. Nd3 Nc7 13. f3 b5 14. Rae1 bxc4 15. Nxc4
g5 16. e4 fxe4 17. fxe4 Qg6 18. Nf2 Kh8 19. Qc1 h5 20. e5 Nfd5 21. exd6 exd6 22.
Ne4 Ne6 23. Qd2 g4 24. Kh1 Bh6 25. Qa5 Nec7 26. Ncxd6 h4 27. gxh4 Bf4 28. Nc4
Qh6 29. Ne5 Be8 30. Bc1 Qxh4 31. Bxf4 Rxf4 32. Qd2 Ne6 33. Nd3 Rxf1+ 34. Rxf1
Rb7 35. Qf2 Rh7 36. Qxh4 Rxh4 37. Nf6 g3 38. Nxd5 Rxh2+ 39. Kg1 cxd5 40. Re1 Bb5
41. Rxe6 Bxd3 42. Re3 Be4 43. Rxg3 Rh4 44. Rh3 Rxh3 45. Bxh3 Bb1 46. a3 Ba2 47.
b4 Kg7 48. Kf2 Kf6 49. Bf1 Ke7 50. Ke3 Kd6 51. Kd2 Bb3 52. Kc3 Bd1 53. b5 Bg4
54. Kb4 Bc8 55. a4 Bb7 56. Bh3 Ba8 57. Bc8 Kc7 58. Ba6 Kd7 59. Kc5 Kc7 60. a5
Kb8 61. Kd6 1-0

[Event "4NCL 2014-15"]
[Site "Hinckley Island ENG"]
[Date "2015.01.11"]
[Round "4.147"]
[White "Bellin, Jana M"]
[Black "Jameson, David"]
[Result "1/2-1/2"]
[WhiteTitle "WGM"]
[WhiteElo "2090"]
[BlackElo "2068"]
[WhiteTeam "The AD's"]
[BlackTeam "South Wales Dragons"]
[WhiteFideId "402168"]
[BlackFideId "1801538"]
[EventDate "2014.11.15"]

1. d4 d5 2. c4 c6 3. e3 Nf6 4. Nf3 e6 5. Nbd2 c5 6. cxd5 exd5 7. Bb5+ Bd7 8.
Bxd7+ Nbxd7 9. O-O Be7 10. dxc5 Nxc5 11. Nb3 Nce4 12. Bd2 O-O 13. Rc1 Rc8 14. h3
Qd7 15. Nbd4 Rxc1 16. Qxc1 Qa4 17. Qb1 Bc5 18. Nb3 Bb6 19. Rc1 h6 20. Be1 Re8
21. Nbd4 Qd7 22. Qc2 g5 23. a4 g4 24. hxg4 Qxg4 25. Nh2 Qg5 26. Ndf3 1/2-1/2

[Event "4NCL 2014-15"]
[Site "Hinckley Island ENG"]
[Date "2015.01.11"]
[Round "4.148"]
[White "Lochte, Szilvia"]
[Black "Briggs, John Nicholas"]
[Result "0-1"]
[WhiteElo "1934"]
[BlackElo "1970"]
[WhiteTeam "South Wales Dragons"]
[BlackTeam "The AD's"]
[WhiteFideId "708410"]
[BlackFideId "427691"]
[EventDate "2014.11.15"]

1. d4 d6 2. e4 g6 3. Nc3 c6 4. Be2 Bg7 5. Be3 Nf6 6. h3 O-O 7. Nf3 Qc7 8. Qd2
Nbd7 9. O-O b5 10. a3 a6 11. Bh6 Re8 12. Bxg7 Kxg7 13. Rad1 Bb7 14. Qe3 e5 15.
dxe5 dxe5 16. Rd2 a5 17. Rfd1 b4 18. Na4 c5 19. Bc4 Ba6 20. Qb3 Bxc4 21. Qxc4
Nb6 22. Nxb6 Qxb6 23. Rd6 Qc7 24. a4 Re7 25. g4 h6 26. b3 Rae8 27. Nh2 Rd7 28.
Rxd7 Nxd7 29. Rd5 Rc8 30. Qd3 Nf6 31. Rd6 Nxe4 32. Rd7 Qc6 33. Nf3 Re8 34. Rd5
Nxf2 0-1

[Event "4NCL 2014-15"]
[Site "Hinckley Island ENG"]
[Date "2015.01.11"]
[Round "4.151"]
[White "Roberson, Peter T"]
[Black "Jones, Gawain C B"]
[Result "1/2-1/2"]
[WhiteTitle "IM"]
[BlackTitle "GM"]
[WhiteElo "2406"]
[BlackElo "2671"]
[WhiteTeam "Grantham Sharks 1"]
[BlackTeam "Guildford 1"]
[WhiteFideId "412384"]
[BlackFideId "409561"]
[EventDate "2014.11.15"]

1. e4 c5 2. c3 d6 3. d4 Nf6 4. Bd3 g6 5. dxc5 dxc5 6. e5 Nh5 7. Qe2 Nc6 8. Na3
Bg7 9. f4 Bh6 10. g3 Bg4 11. Nf3 Qd7 12. O-O O-O-O 13. Be4 Kb8 14. Be3 f5 15.
Bc2 g5 16. fxg5 Bg7 17. Rad1 Qc8 18. Bxc5 Bxe5 19. Bxa7+ Ka8 20. Nc4 Bc7 21.
Nb6+ Bxb6+ 22. Bxb6 Rxd1 23. Bxd1 f4 24. Qb5 fxg3 25. hxg3 Rf8 26. Nd4 Rxf1+ 27.
Qxf1 Nxg3 28. Qg2 Bxd1 29. Qxg3 Nxd4 30. Bxd4 Qf5 31. Qe5 Qxe5 32. Bxe5 b5 33.
Kf2 Kb7 34. Ke3 Kc6 35. Kd4 Be2 36. Bf4 Bh5 37. Be3 Bg6 38. Ke5 Bb1 39. a3 Ba2
40. Bd4 Bb3 41. Be3 Ba2 42. b4 Bc4 43. Bc5 Kd7 44. Bf2 Kc6 45. Be3 Bf7 46. Bc5
Kd7 47. Kd4 Bb3 48. Ke5 Bf7 49. Be3 Bb3 50. Bf4 Kc6 51. Kd4 Bf7 52. Be5 Bc4 53.
a4 Bb3 54. a5 Kb7 55. Bg7 Ka6 56. Bf8 Bg8 57. Bxe7 Ba2 58. Kc5 Bg8 59. c4 Bxc4
60. Bd6 Bf7 61. Be7 1/2-1/2

[Event "4NCL 2014-15"]
[Site "Hinckley Island ENG"]
[Date "2015.01.11"]
[Round "4.152"]
[White "Short, Nigel D"]
[Black "Ghasi, Ameet K"]
[Result "1-0"]
[WhiteTitle "GM"]
[BlackTitle "IM"]
[WhiteElo "2660"]
[BlackElo "2471"]
[WhiteTeam "Guildford 1"]
[BlackTeam "Grantham Sharks 1"]
[WhiteFideId "400025"]
[BlackFideId "409200"]
[EventDate "2014.11.15"]

1. e4 d6 2. d4 Nf6 3. f3 c6 4. Ne2 g6 5. Be3 Nbd7 6. g4 e5 7. Nbc3 a6 8. h4 b5
9. h5 b4 10. Na4 d5 11. hxg6 fxg6 12. g5 Nh5 13. Qd2 c5 14. dxc5 d4 15. Nxd4
exd4 16. Bxd4 Bg7 17. Bxg7 Nxg7 18. O-O-O Qc7 19. Qxb4 Rb8 20. Qc3 Qf4+ 21. Kb1
O-O 22. Bc4+ Kh8 23. Rd5 Re8 24. c6 Ne5 25. c7 Rb7 26. Bxa6 Nf7 27. Bxb7 Bxb7
28. Nb6 1-0